00762nam a2200157Ia 4500082002200000245016200022260004700184300000900231650004800240650004800288650003700336650004500373650003900418650005000457710009700507 a307.1412082 REP-; 0aReport of the seminar on the role of women in social and economic development with special reference to rural development Tashkent, USSR 17-27 September 1987 aBangkokbSocial Development Divisionc1987 a43p. aEconomic development - Developing countries aWomen in development - Developing countries aSociology - Developing countries aRural development - Developing countries aRural women - Developing countries aWomen - Social aspects - Developing countries aRole of women in social and economic development with special reference to rural development